000 00828nam a22002417a 4500
003 DO-SdBNP
005 20240515100738.0
008 161205b 2005 sp a 00| 0 spa d
020 _a8496412741
040 _aBPMSU
_bspa
_cBPMSU
082 4 _aA863.6
_bS998r 2005
_222
110 1 _aSzpunberg, Alberto,
_d1940-
245 1 0 _aRicitos de oro :
_bbasado en un cuento popular inglés /
_cadaptación Alberto Szpunberg ; ilustraciones Lancman Ink
246 1 4 _aRicitos de oro :
_bpara leer , jugar y aprender
260 _aBarcelona :
_bDiario El País,
_c2005.
300 _a45 p. :
_bil.,;
_c20 cm.
490 0 _aCuentos infantiles,
_v20
590 0 _aInventariado, 2024/VM
650 4 _aCuentos infantiles argentinos
700 1 _aInk, Lancman
_eilustraciones
910 _aVMateo V. Control de calidad. BPMSU
942 _2ddc
_cBK
999 _c12282
_d12282